00238nam a22001097a 4500040000700000100001400007245005200021260002600073300000700099942000700106999001500113 cSY aWILLNGTON aA guide to calculating the shelf life fo foods. aNew ZalendbWILc2005 a27 cEB c8609d8609